Finančná situácia automobilového priemyslu na Slovensku bakalárska práca
Saved in:
| Main Author: | |
|---|---|
| Corporate Author: | |
| Other Authors: | |
| Format: | Book |
| Language: | Slovak |
| Published: |
Košice
2025
|
| Tags: |
No Tags, Be the first to tag this record!
|
MARC
| LEADER | 00000nbm a2200000 4500 | ||
|---|---|---|---|
| 001 | 0310903 | ||
| 005 | 20260204085139.9 | ||
| 041 | 0 | |a slo | |
| 044 | |a SK | ||
| 245 | 1 | 0 | |a Finančná situácia automobilového priemyslu na Slovensku |b bakalárska práca |c Maroš Spišák ; školiteľ: Jozef Lukáč |
| 264 | 1 | |a Košice |c 2025 | |
| 300 | |a 51 s. | ||
| 100 | 1 | |a Spišák, Maroš | |
| 700 | 1 | |a Lukáč, Jozef, 1991- | |
| 710 | 2 | |a Podnikovohospodárska fakulta EU so sídlom v Košiciach. Katedra finančného riadenia podniku | |